| 000 | 00342 a2200133 4500 | ||
|---|---|---|---|
| 001 | 88433 | ||
| 082 | _aPR 648 | ||
| 090 |
_c41858 _d41858 |
||
| 100 | _aZafar I Jami | ||
| 245 | _aPhoto elastic studies using large field meter | ||
| 260 |
_aKarachi _bUniversity of Karachi _c1971 |
||
| 300 | _a70p. | ||
| 500 | _aBE Project Reports | ||
| 942 |
_aUniversity of Karachi _kPR 648 |
||
| 999 |
_c323506 _d323506 |
||